000 00314nam a22001337a 4500
008 181016b xxu||||| |||| 00| 0 eng d
020 _a9780702029820
041 _aeng
080 _a616.073
100 _a6
101 _aRAD
245 _aA Guide To Radilogical Procedures
_cFrancess .A
942 _2udc
_cBK
999 _c49883
_d49883